Cuerpo y temblor (Record no. 184844)

MARC details
000 -LEADER
campo de control de longitud fija 00909nam a2200253 i 4500
001 - NÚMERO DE CONTROL
campo de control 184844
003 - IDENTIFICADOR DE NÚMERO DE CONTROL
campo de control ES-MaACL
005 - FECHA Y HORA DE LA ÚLTIMA TRANSACCIÓN
campo de control 20230906222306.0
008 - DATOS DE LONGITUD FIJA--INFORMACIÓN GENERAL
campo de control de longitud fija 160204s1985 ag |||| | spa d
020 ## - NÚMERO INTERNACIONAL ESTÁNDAR DEL LIBRO
Número Internacional Estándar del Libro 950-9586-01-3
080 ## - NÚMERO DE LA CLASIFICACIÓN DECIMAL UNIVERSAL
Número de la Clasificación Decimal Universal 165.75
080 ## - NÚMERO DE LA CLASIFICACIÓN DECIMAL UNIVERSAL
Número de la Clasificación Decimal Universal 611/612(0:82)
100 1# - ENTRADA PRINCIPAL--NOMBRE DE PERSONA
Nombre de persona Barker, Francis.
9 (RLIN) 158675
245 10 - MENCIÓN DEL TÍTULO
Título Cuerpo y temblor
Resto del título : un ensayo sobre la sujeción /
Mención de responsabilidad, etc. Francis Barker ; [traducción, Carlos Gardini].
260 ## - PUBLICACIÓN, DISTRIBUCIÓN, ETC.
Lugar de publicación, distribución, etc. Buenos Aires :
Nombre del editor, distribuidor, etc. Per Abbat,
Fecha de publicación, distribución, etc. [imp.,1985]
300 ## - DESCRIPCIÓN FÍSICA
Extensión 149 p. ;
Dimensiones 20 cm.
490 1# - MENCIÓN DE SERIE
Mención de serie Nuevas propuestas. Historia, crítica cultural, antropología
650 04 - PUNTO DE ACCESO ADICIONAL DE MATERIA--TÉRMINO DE MATERIA
Término de materia o nombre geográfico como elemento de entrada Estructuralismo.
9 (RLIN) 12567
650 #4 - PUNTO DE ACCESO ADICIONAL DE MATERIA--TÉRMINO DE MATERIA
Término de materia o nombre geográfico como elemento de entrada Cuerpo humano-
Subdivisión general En la literatura.
9 (RLIN) 158676
700 1# - ENTRADA AGREGADA--NOMBRE PERSONAL
Nombre de persona Gardini, Carlos.
9 (RLIN) 55503
830 0# - PUNTO DE ACCESO ADICIONAL DE SERIE-TÍTULO UNIFORME
Título uniforme Nuevas propuestas. Historia, crítica cultural, antropología
9 (RLIN) 225140
852 ## - LOCALIZACIÓN
Ubicación ES-MaACL
Número de control de estantería L-30200
Nota libre . - Donat. Miguel A. Velasco
Holdings
Estatus retirado Estado de pérdida Estado de daño No para préstamo Biblioteca de origen Biblioteca actual Ubicación en estantería Fecha de adquisición Fuente de adquisición Total de préstamos Signatura topográfica completa Código de barras Visto por última vez Precio de reemplazo Tipo de ítem Koha
        Biblioteca del Ateneo de Madrid Biblioteca del Ateneo de Madrid Depósito 2 04/02/2016     L-30200 1194672 23/02/2023 23/02/2023 Libro impreso